| 000 | 01613nam a22004577a 4500 | ||
|---|---|---|---|
| 003 | OSt | ||
| 005 | 20230503092707.0 | ||
| 008 | 221006b |||||||| |||| 00| 0 eng d | ||
| 040 | _cBiblioteca Lado V | ||
| 082 |
_a701.18 _bO48e |
||
| 100 |
_9294 _aOlivares, Rosa _eeditor |
||
| 245 |
_aExit Express/ _bRevista de Información y Debate sobre arte actual/ |
||
| 260 |
_bOlivares y Asociados S.L. _aEspaña _c2009 |
||
| 300 |
_c25x33cm _a152p. |
||
| 366 | _espa | ||
| 490 |
_aEspecial _v2009 |
||
| 505 | _tEditorial. | ||
| 505 | _tLa pintura? Bien, gracias | ||
| 505 | _tPintar sin pintar | ||
| 505 | _tHazme un dibujo por favor | ||
| 505 | _tDe película. El cine se instala en el museo | ||
| 505 | _tEl lugar de la escultura hoy | ||
| 505 | _tArte publico. La calle es de todos. | ||
| 505 | _tHacia otra arquitectura | ||
| 505 | _tLa imagen como documento | ||
| 505 | _tHablar y callarse | ||
| 505 | _tMujeres, arte y feminismo | ||
| 505 | _tArte y Tecnologia | ||
| 505 | _tArte y politica | ||
| 505 | _tReligion y arte contemporaneo | ||
| 505 | _tLa raza y su doble | ||
| 505 | _tGlobalización y Post-colonialismo | ||
| 650 |
_2Tesauro de Arte & Arquitectura _aARTE _9703 |
||
| 650 |
_2Tesauro de Arte & Arquitectura _aEXPOSICIONES |
||
| 650 |
_2Tesauro de Arte & Arquitectura _aCULTURA |
||
| 650 |
_2Tesauro de Arte & Arquitectura _aAPRECIACION |
||
| 650 |
_2Tesauro de Arte & Arquitectura _aTEORIA |
||
| 650 |
_2Tesauro de Arte & Arquitectura _aLITERATURA |
||
| 650 |
_2Tesauro de Arte & Arquitectura _aESPAÑA |
||
| 942 |
_2ddc _c1 _h701.18 _iO48e _n0 |
||
| 999 |
_c3512 _d3512 |
||